[Event "Chess XV  MI"]
[Site "?"]
[Date "????.??.??"]
[Round "1"]
[White "Shirazi, K."]
[Black "Belkhodja, S."]
[Result "1/2-1/2"]
[WhiteElo "2389"]
[BlackElo "2478"]
[PlyCount "109"]

1. e4 c5 2. Nf3 Nc6 3. d4 cxd4 4. Nxd4 e5 5. Nb5 d6 6. c4 Be7 7. N1c3 a6 8. Na3
f5 9. exf5 Bxf5 10. Bd3 Be6 11. O-O Nf6 12. Ne4 Nxe4 13. Bxe4 Qd7 14. Be3 O-O
15. Qd3 Bf5 16. Rfd1 g6 17. c5 Bxe4 18. Qxe4 Qe6 19. cxd6 Bxd6 20. Nc4 Bc7 21.
b3 Rad8 22. Nb6 Bxb6 23. Bxb6 Rd7 24. Rxd7 Qxd7 25. Qe2 Rf6 26. h4 Nd4 27. Qc4+
Kg7 28. Qc7 Qxc7 29. Bxc7 Nc6 30. Rd1 Rf7 31. Bb6 Kf6 32. Rd6+ Kf5 33. h5 gxh5
34. Rh6 Nb4 35. Rxh5+ Ke6 36. a4 Nd5 37. Ba7 Nf4 38. Rh6+ Kd5 39. a5 Ne2+ 40.
Kf1 Nd4 41. Rh3 Rc7 42. g4 Ke4 43. Kg2 Kf4 44. Rd3 Kxg4 45. Bxd4 exd4 46. Rxd4+
Kf5 47. Rb4 h5 48. Kg3 Rc5 49. Rxb7 Rxa5 50. b4 Rb5 51. Rf7+ Kg6 52. Rf4 Kg5
53. Rc4 a5 54. f4+ Kf5 55. bxa5 1/2-1/2

[Event "Chess XV  MI"]
[Site "?"]
[Date "????.??.??"]
[Round "1"]
[White "Picard, R."]
[Black "Nguyen, TT."]
[Result "1-0"]
[WhiteElo "2290"]
[BlackElo "2303"]
[PlyCount "99"]

1. e4 c5 2. Nf3 e6 3. d4 cxd4 4. Nxd4 a6 5. Be2 Nf6 6. Nc3 Qc7 7. O-O Bb4 8.
Bg5 Bxc3 9. Bxf6 gxf6 10. bxc3 Qxc3 11. Kh1 Nc6 12. Nxc6 bxc6 13. Rb1 h5 14. f4
Qc5 15. Rb3 h4 16. h3 a5 17. Qa1 Ke7 18. e5 fxe5 19. fxe5 a4 20. Rbf3 Ra5 21.
Rxf7+ Kd8 22. Qb2 Re8 23. Rd1 Kc7 24. Rb1 Kd8 25. Qb8 Qxe5 26. Qb6+ Qc7 27. Qd4
Qg3 28. Bf3 Rf5 29. Rg7 Qf4 30. Qa7 Qc7 31. Qxa4 Rh8 32. Rd1 Qe5 33. Rg4 Rhf8
34. Rxh4 Rxf3 35. gxf3 Qe2 36. Qa5+ Ke8 37. Qh5+ Kd8 38. Qg5+ Ke8 39. Qg6+ Kd8
40. Qd3 Qf2 41. Rh7 Qxf3+ 42. Qxf3 Rxf3 43. h4 Kc7 44. h5 Ba6 45. Rhxd7+ Kb6
46. Kg2 Rf5 47. h6 Be2 48. Rb1+ Kc5 49. Rb8 Bf3+ 50. Kg3 1-0

[Event "Chess XV  MI"]
[Site "?"]
[Date "????.??.??"]
[Round "1"]
[White "Draoui, N."]
[Black "Velikov, P."]
[Result "0-1"]
[WhiteElo "2377"]
[BlackElo "2442"]
[PlyCount "86"]

1. e4 c5 2. Nf3 e6 3. d4 cxd4 4. Nxd4 a6 5. Nc3 Qc7 6. Bd3 Nf6 7. Qe2 d6 8. f4
Nbd7 9. O-O Be7 10. Kh1 Nc5 11. Bd2 O-O 12. Rae1 Nxd3 13. cxd3 Qd8 14. g4 h6
15. Rg1 Nh7 16. Rg2 Re8 17. Reg1 Bf8 18. Qf2 g6 19. h4 Bg7 20. Nf5 exf5 21.
gxf5 Nf8 22. h5 b5 23. hxg6 f6 24. Nd5 Bb7 25. Qd4 Rc8 26. Bc3 Nd7 27. Rh2 Rf8
28. b4 Nb8 29. Ne3 d5 30. Nxd5 Bxd5 31. exd5 Qd7 32. Bd2 Rcd8 33. Rc1 Qxd5+ 34.
Qe4 Rfe8 35. Qxd5+ Rxd5 36. Rc3 Rxf5 37. Rc5 Rxc5 38. bxc5 Nc6 39. f5 Re5 40.
d4 Rxf5 41. Re2 Nxd4 42. Re8+ Bf8 43. Ra8 Kg7 0-1

[Event "Chess XV  MI"]
[Site "?"]
[Date "????.??.??"]
[Round "1"]
[White "Verat, L."]
[Black "Borzakian, M."]
[Result "1-0"]
[WhiteElo "2346"]
[BlackElo "2198"]
[PlyCount "139"]

1. d4 d6 2. c4 g6 3. Nc3 Bg7 4. e4 Nf6 5. Nf3 O-O 6. h3 e5 7. dxe5 dxe5 8. Qxd8
Rxd8 9. Bg5 Re8 10. Nd5 Nxd5 11. cxd5 c6 12. Bc4 cxd5 13. Bxd5 Nd7 14. Rc1 h6
15. Be3 Nf6 16. Bb3 Nxe4 17. Rc7 Be6 18. Bxe6 Rxe6 19. Rxb7 Ra6 20. O-O Nd6 21.
Rd7 Nc4 22. Rc1 Nxe3 23. fxe3 Rxa2 24. Rcc7 Rf8 25. Rb7 e4 26. Nd4 Be5 27. Kf2
Ra6 28. Re7 Rf6+ 29. Ke2 Bxd4 30. exd4 Rc8 31. Ke3 Rc2 32. g4 Rff2 33. Kxe4
Rxb2 34. Rxb2 Rxb2 35. Rxa7 Kf8 36. d5 Ke8 37. Ke5 Rb6 38. Ra3 Kd7 39. Rf3 Ke8
40. d6 Rb5+ 41. Kf6 Rd5 42. Kg7 f5 43. Re3+ Kd7 44. Kxh6 Rxd6 45. Kg5 fxg4 46.
hxg4 Ra6 47. Kh6 Kd8 48. g5 Rb6 49. Kg7 Ra6 50. Kf7 Rb6 51. Rd3+ Kc8 52. Rf3
Kd8 53. Rf6 Rb7+ 54. Kxg6 Ke8 55. Kh6 Ra7 56. g6 Ra1 57. g7 Ke7 58. Rf4 Rh1+
59. Kg6 Rg1+ 60. Kh7 Rh1+ 61. Kg8 Ra1 62. Rf5 Ra2 63. Rb5 Ra1 64. Rb8 Rh1 65.
Rb7+ Ke8 66. Rf7 Rh2 67. Rf4 Ke7 68. Re4+ Kf6 69. Kf8 Kf5 70. Re8 1-0

[Event "Chess XV  MI"]
[Site "?"]
[Date "????.??.??"]
[Round "1"]
[White "Aurel, L."]
[Black "Neiman, E."]
[Result "0-1"]
[WhiteElo "2203"]
[BlackElo "2330"]
[PlyCount "130"]

1. e4 e5 2. Nf3 Nc6 3. Nc3 Nf6 4. g3 Bc5 5. Bg2 d6 6. d3 a6 7. h3 O-O 8. O-O
Ba7 9. Bg5 h6 10. Be3 Be6 11. Bxa7 Rxa7 12. d4 Bd7 13. a4 Ra8 14. Kh2 exd4 15.
Nxd4 Re8 16. Qd2 Ne5 17. b3 c5 18. Nf5 Bxf5 19. exf5 Nc6 20. g4 Nd4 21. Rae1 d5
22. Kh1 Qd6 23. Re3 Re5 24. Rxe5 Qxe5 25. Re1 Qd6 26. Re3 Rd8 27. Ne2 Nc6 28.
Ng3 b5 29. axb5 axb5 30. f4 d4 31. Rf3 Re8 32. g5 Nd5 33. f6 hxg5 34. fxg5 g6
35. Nf1 Qe5 36. Qf2 Qe1 37. Kh2 Ncb4 38. Qxe1 Rxe1 39. Rf2 Ne3 40. Nxe3 dxe3
41. Rf4 Nxc2 42. Re4 Re2 43. Re8+ Kh7 44. Kg3 Rd2 45. Bf3 Nd4 46. Rf8 Nf5+ 47.
Kf4 e2 48. Bxe2 Rxe2 49. Rxf7+ Kg8 50. Rc7 Nd4 51. Rc8+ Kf7 52. h4 Ne6+ 53. Kf3
Rb2 54. Rh8 Rxb3+ 55. Ke4 Nf8 56. h5 gxh5 57. Rxh5 Ke6 58. Rh8 Rb4+ 59. Kd3
Rd4+ 60. Ke3 Kf7 61. Rh1 Ne6 62. Rh7+ Kg6 63. Rb7 b4 64. f7 Nf8 65. Rc7 Rd5 0-1

[Event "Chess XV  MI"]
[Site "?"]
[Date "????.??.??"]
[Round "2"]
[White "Belkhodja, S."]
[Black "Neiman, E."]
[Result "1/2-1/2"]
[WhiteElo "2478"]
[BlackElo "2330"]
[PlyCount "45"]

1. e4 e5 2. Nf3 Nf6 3. Nxe5 d6 4. Nf3 Nxe4 5. Qe2 Qe7 6. d3 Nf6 7. Bg5 Qxe2+ 8.
Bxe2 Be7 9. Nc3 c6 10. O-O-O Na6 11. Ne4 Nxe4 12. dxe4 Nc5 13. Rhe1 Be6 14.
Bxe7 Kxe7 15. Nd4 g6 16. f4 f6 17. Bf3 a5 18. Nf5+ gxf5 19. exf5 h5 20. fxe6 f5
21. Re3 h4 22. Kd2 Rh6 23. Ke2 1/2-1/2

[Event "Chess XV  MI"]
[Site "?"]
[Date "????.??.??"]
[Round "2"]
[White "Borzakian, M."]
[Black "Aurel, L."]
[Result "1/2-1/2"]
[WhiteElo "2198"]
[BlackElo "2203"]
[PlyCount "82"]

1. e4 d6 2. d4 g6 3. Nc3 c6 4. f4 d5 5. e5 h5 6. Nf3 Nh6 7. Be3 Bg4 8. h3 Nf5
9. Bf2 Bxf3 10. Qxf3 h4 11. Bd3 e6 12. O-O Nd7 13. Ne2 Be7 14. b3 Kf8 15. c4
Kg7 16. Kh2 Qg8 17. cxd5 cxd5 18. Rfc1 Rc8 19. Rxc8 Qxc8 20. Rc1 Qb8 21. Ng1
Qd8 22. Bxf5 gxf5 23. Qc3 Nf8 24. Qc7 Ng6 25. Qxb7 Qa5 26. Be3 Qxa2 27. Rc7 Re8
28. Qb5 Kf8 29. Nf3 a6 30. Qa4 Qe2 31. Rc3 Rb8 32. Qd7 Qb5 33. Qxb5 Rxb5 34.
Nd2 Kg7 35. Nf3 a5 36. Bc1 Rb7 37. Be3 Bb4 38. Rc2 Ba3 39. Nd2 Bb4 40. Nf3 Ba3
41. Nd2 Bb4 1/2-1/2

[Event "Chess XV  MI"]
[Site "?"]
[Date "????.??.??"]
[Round "2"]
[White "Velikov, P."]
[Black "Verat, L."]
[Result "1/2-1/2"]
[WhiteElo "2442"]
[BlackElo "2346"]
[PlyCount "27"]

1. d4 Nf6 2. Nf3 d5 3. c4 e6 4. Nc3 Bb4 5. e3 O-O 6. Bd3 c5 7. O-O cxd4 8. exd4
dxc4 9. Bxc4 b6 10. a3 Bxc3 11. bxc3 Bb7 12. Bd3 Nbd7 13. a4 Qc7 14. c4 1/2-1/2

[Event "Chess XV  MI"]
[Site "?"]
[Date "????.??.??"]
[Round "2"]
[White "Nguyen, TT."]
[Black "Draoui, N."]
[Result "0-1"]
[WhiteElo "2303"]
[BlackElo "2237"]
[PlyCount "84"]

1. d4 d5 2. c4 c6 3. cxd5 cxd5 4. Nc3 Nf6 5. Bf4 a6 6. e3 Nc6 7. Bd3 e6 8. Nf3
Bd6 9. Bg3 b5 10. Rc1 Bb7 11. O-O O-O 12. a3 Rc8 13. Re1 Bxg3 14. hxg3 Qd6 15.
e4 dxe4 16. Nxe4 Nxe4 17. Bxe4 h6 18. d5 exd5 19. Qxd5 Qf6 20. Qd7 Ba8 21. Rc3
Rcd8 22. Qc7 Nd4 23. Bxa8 Rxa8 24. Qb7 Rab8 25. Qa7 b4 26. axb4 Nb5 27. Qe7
Nxc3 28. Qxf6 Ne2+ 29. Rxe2 gxf6 30. Re4 f5 31. Rf4 Rfe8 32. Rxf5 Rxb4 33. Ra5
Re6 34. b3 Rxb3 35. Nd4 Rb1+ 36. Kh2 Reb6 37. g4 R1b4 38. Rd5 a5 39. Nf5 Ra6
40. Rd8+ Kh7 41. Kh3 a4 42. Rd7 a3 0-1

[Event "Chess XV  MI"]
[Site "?"]
[Date "????.??.??"]
[Round "2"]
[White "Shirazi, K."]
[Black "Picard, R."]
[Result "0-1"]
[WhiteElo "2389"]
[BlackElo "2290"]
[PlyCount "52"]

1. d4 Nf6 2. c4 g6 3. Nc3 d5 4. Bg5 Bg7 5. Bxf6 Bxf6 6. cxd5 c6 7. dxc6 Bxd4 8.
cxb7 Bxb7 9. Qb3 Bb6 10. h4 Nd7 11. h5 Qc7 12. hxg6 fxg6 13. Nf3 O-O-O 14. Qe6
Kb8 15. e3 g5 16. Rh6 g4 17. Qxg4 Rhg8 18. Qe6 Nf6 19. Nd4 Rxd4 20. Rxf6 Rgd8
21. Rf7 Ba5 22. Be2 Bxc3+ 23. Kf1 Rh4 24. Bd3 Rh1+ 25. Ke2 Rxa1 26. Rxe7 Re1#
0-1

[Event "Chess XV  MI"]
[Site "?"]
[Date "????.??.??"]
[Round "3"]
[White "Picard, R."]
[Black "Belkhodja, S."]
[Result "0-1"]
[WhiteElo "2290"]
[BlackElo "2478"]
[PlyCount "49"]

1. e4 c5 2. Nf3 Nc6 3. Nc3 e5 4. Bc4 Be7 5. d3 Nf6 6. Nd2 d6 7. Nf1 Bg4 8. f3
Be6 9. Ne3 a6 10. a3 b5 11. Bd5 Rc8 12. O-O O-O 13. f4 Nd4 14. Rf2 a5 15. Ba2
b4 16. axb4 axb4 17. Bxe6 fxe6 18. Na4 Ra8 19. b3 Qe8 20. Bb2 Qg6 21. Nb6 Rab8
22. Ra7 Rxb6 23. Rxe7 Rbb8 24. Ra7 Nh5 25. Qg4 0-1

[Event "Chess XV  MI"]
[Site "?"]
[Date "????.??.??"]
[Round "3"]
[White "Verat, L."]
[Black "Nguyen, TT."]
[Result "1/2-1/2"]
[WhiteElo "2346"]
[BlackElo "2303"]
[PlyCount "224"]

1. d4 d5 2. c4 c6 3. Nf3 Nf6 4. Nbd2 a6 5. g3 e6 6. Bg2 Nbd7 7. O-O Bd6 8. Qc2
O-O 9. e4 dxe4 10. Ng5 h6 11. Ngxe4 Be7 12. Nf3 Qa5 13. Bf4 Nxe4 14. Qxe4 Nf6
15. Qe2 Rd8 16. Rfd1 Bd7 17. Ne5 Be8 18. a3 Rac8 19. c5 Nd5 20. Bd2 Qb5 21. Nc4
a5 22. Bxa5 Rd7 23. Bf1 Ra8 24. a4 Qa6 25. Qc2 Bf6 26. Bb6 Rc8 27. Nd6 Qa8 28.
Nxc8 Qxc8 29. Ba5 h5 30. Qe4 g6 31. Bd2 Re7 32. Bf4 Nxf4 33. Qxf4 Kg7 34. a5
Rd7 35. a6 bxa6 36. Rxa6 Rd5 37. Ra7 Qd8 38. Qc7 Bxd4 39. Qxd8 Rxd8 40. Kg2 Kh6
41. b4 e5 42. f4 f6 43. Bc4 Bd7 44. fxe5 fxe5 45. Bd3 Bg4 46. Rf1 Rb8 47. h3
Be6 48. Rb1 Bd5+ 49. Kh2 Rf8 50. Rf1 Rb8 51. Rb1 e4 52. Be2 Bxc5 53. Ra4 Bd6
54. h4 g5 55. hxg5+ Kxg5 56. Kg2 h4 57. gxh4+ Kxh4 58. b5 Rg8+ 59. Kf1 Bc5 60.
Bd3 Kh3 61. Bxe4 Bxe4 62. Rb3+ Kh2 63. Rxe4 Rg1+ 64. Ke2 Rg2+ 65. Kd1 cxb5 66.
Rh4+ Kg1 67. Rxb5 Bf2 68. Rh3 Rg8 69. Rd5 Rg7 70. Rhh5 Rg4 71. Ke2 Re4+ 72. Kf3
Re3+ 73. Kf4 Rg3 74. Rhg5 Rxg5 75. Rxg5+ Kh1 76. Kf3 Bg1 77. Rh5+ Bh2 78. Rh8
Kg1 79. Ra8 Kh1 80. Ra1+ Bg1 81. Ra4 Bh2 82. Rh4 Kg1 83. Rg4+ Kh1 84. Kf2 Bd6
85. Rh4+ Bh2 86. Kf3 Kg1 87. Rh5 Kh1 88. Rh6 Kg1 89. Rb6 Kh1 90. Rb7 Bg1 91.
Kg3 Bh2+ 92. Kh3 Bg1 93. Rb2 Bd4 94. Rg2 Bg1 95. Kg3 Bc5 96. Rh2+ Kg1 97. Rc2
Bd6+ 98. Kf3 Kh1 99. Rc1+ Kh2 100. Rd1 Bc7 101. Rd2+ Kh1 102. Rd7 Be5 103. Kf2
Bf4 104. Rd1+ Kh2 105. Rd4 Bg3+ 106. Kf3 Bc7 107. Rd1 Be5 108. Rd5 Bc7 109. Rg5
Bb8 110. Kf2 Kh1 111. Rh5+ Bh2 112. Kf3 Kg1 1/2-1/2

[Event "Chess XV  MI"]
[Site "?"]
[Date "????.??.??"]
[Round "3"]
[White "Aurel, L."]
[Black "Velikov, P."]
[Result "0-1"]
[WhiteElo "2203"]
[BlackElo "2442"]
[PlyCount "112"]

1. Nf3 d5 2. c4 d4 3. g3 c5 4. Bg2 Nc6 5. d3 e5 6. O-O Bd6 7. e3 Nge7 8. exd4
cxd4 9. b3 O-O 10. Ba3 h6 11. c5 Bc7 12. Nbd2 Nd5 13. Nc4 Bf5 14. Qd2 Re8 15.
Rfe1 Qd7 16. b4 a6 17. Rab1 f6 18. Rb3 Be6 19. Bb2 Na7 20. Ra1 Rab8 21. a4 b6
22. cxb6 Nxb6 23. Qc2 Nxa4 24. Bc1 Nc3 25. Rxa6 Nab5 26. Nfd2 Bd5 27. Bxd5+
Qxd5 28. Ne4 Nxe4 29. dxe4 Qb7 30. Ra1 Rec8 31. Qe2 Nc3 32. Rxc3 dxc3 33. Qg4
Kh8 34. Ne3 Bd6 35. Nf5 Bf8 36. Nh4 Qf7 37. Be3 Rc7 38. b5 Qd7 39. Ng6+ Kh7 40.
Nxf8+ Rxf8 41. Qxd7 Rxd7 42. Rc1 Rc8 43. Rc2 Rd1+ 44. Kg2 Rb1 45. b6 Rb2 46.
Rc1 h5 47. h3 g5 48. Kf1 Kg6 49. Ke1 Kf7 50. Kd1 Ke6 51. Ra1 Rc4 52. Kc1 Rxe4
53. Ra3 Rxe3 54. fxe3 Rxb6 55. Rxc3 Kd5 56. Kd2 e4 0-1

[Event "Chess XV  MI"]
[Site "?"]
[Date "????.??.??"]
[Round "3"]
[White "Neiman, E."]
[Black "Borzakian, M."]
[Result "1/2-1/2"]
[WhiteElo "2330"]
[BlackElo "2198"]
[PlyCount "106"]

1. d4 g6 2. e4 d6 3. Nc3 Bg7 4. f4 Nf6 5. Nf3 O-O 6. Be3 b6 7. Qd2 Bb7 8. e5
Ng4 9. h3 Nxe3 10. Qxe3 c5 11. O-O-O Qc8 12. d5 a6 13. Kb1 b5 14. h4 dxe5 15.
fxe5 e6 16. dxe6 Qxe6 17. Be2 Nd7 18. Rd6 Qe7 19. Nd5 Bxd5 20. Rxd5 Nf6 21.
Rxc5 Ng4 22. Qc3 Nxe5 23. Nxe5 Rae8 24. Bf3 Bxe5 25. Qe3 Bg7 26. Qxe7 Rxe7 27.
Rc6 Rfe8 28. a4 bxa4 29. Ka2 Rb8 30. c3 Reb7 31. Rc8+ Rxc8 32. Bxb7 Rd8 33. Ka3
Rd6 34. Rf1 Rd2 35. Rf4 Bf8+ 36. Kxa4 Rxb2 37. Bd5 Rb5 38. c4 Bd6 39. Rf6 Be7
40. Rxf7 Rxd5 41. Rxe7 Rd4 42. Kb3 Rxh4 43. c5 Kf8 44. Re2 Rh1 45. Kc4 Rd1 46.
c6 a5 47. Kb5 Rc1 48. Kb6 a4 49. c7 a3 50. Kb7 Rb1+ 51. Ka7 Rc1 52. Kb8 Rb1+
53. Kc8 Rc1 1/2-1/2

[Event "Chess XV  MI"]
[Site "?"]
[Date "????.??.??"]
[Round "4"]
[White "Belkhodja, S."]
[Black "Borzakian, M."]
[Result "1-0"]
[WhiteElo "2478"]
[BlackElo "2198"]
[PlyCount "91"]

1. e4 g6 2. d4 d6 3. c3 Bg7 4. Bd3 Nf6 5. Nf3 O-O 6. O-O Nc6 7. Re1 e5 8. Na3
h6 9. Bb5 Ne7 10. dxe5 dxe5 11. Qxd8 Rxd8 12. Nxe5 Nxe4 13. Bxh6 Bxh6 14. Rxe4
Bf5 15. Ree1 Nd5 16. Bc4 c6 17. Rad1 Bg7 18. Bxd5 Rxd5 19. Rxd5 cxd5 20. Nf3 b5
21. Nxb5 Rb8 22. a4 a6 23. Nbd4 Rxb2 24. Re8+ Bf8 25. Nxf5 gxf5 26. h4 Kg7 27.
Nd4 Rb1+ 28. Kh2 Bc5 29. Rd8 Bxd4 30. cxd4 Rb4 31. Rxd5 Rxa4 32. Rxf5 Rxd4 33.
Kh3 Ra4 34. g4 Ra1 35. h5 a5 36. Kg3 a4 37. Ra5 a3 38. Kf4 a2 39. Kf5 Kh7 40.
f4 Kg8 41. Ra7 Kh8 42. g5 Kg8 43. Kf6 Rg1 44. Rxa2 Rg4 45. Ra8+ Kh7 46. f5 1-0

[Event "Chess XV  MI"]
[Site "?"]
[Date "????.??.??"]
[Round "4"]
[White "Velikov, P."]
[Black "Neiman, E."]
[Result "1/2-1/2"]
[WhiteElo "2442"]
[BlackElo "2330"]
[PlyCount "53"]

1. c4 Nf6 2. g3 c6 3. Nf3 d5 4. Qb3 Nbd7 5. d4 dxc4 6. Qxc4 e6 7. Bg2 Be7 8.
O-O O-O 9. Rd1 e5 10. Nc3 exd4 11. Nxd4 Ne5 12. Qb3 Qb6 13. Qxb6 axb6 14. f4
Nc4 15. b3 Bb4 16. Rd3 Na3 17. Bb2 Bc5 18. Na4 Nc4 19. bxc4 Rxa4 20. Kf1 Rxc4
21. e4 Rd8 22. Rad1 Re8 23. Re1 Rd8 24. Red1 Re8 25. Re1 Bb4 26. Re2 Bc5 27.
Re1 1/2-1/2

[Event "Chess XV  MI"]
[Site "?"]
[Date "????.??.??"]
[Round "4"]
[White "Shirazi, K."]
[Black "Verat, L."]
[Result "1/2-1/2"]
[WhiteElo "2389"]
[BlackElo "2346"]
[PlyCount "184"]

1. e4 c6 2. d3 d5 3. Nd2 e5 4. Ngf3 Bd6 5. d4 exd4 6. exd5 cxd5 7. Nxd4 Nc6 8.
Ne2 Nge7 9. g3 Bg4 10. h3 Bh5 11. Bg2 O-O 12. O-O Nd4 13. g4 Nxe2+ 14. Qxe2 Bg6
15. c3 Nc6 16. f4 Re8 17. Qb5 Qe7 18. f5 Qe3+ 19. Rf2 Bg3 20. Ne4 Bxf2+ 21.
Nxf2 Qe1+ 22. Qf1 Bxf5 23. gxf5 Qxf1+ 24. Bxf1 Re5 25. f6 gxf6 26. Nd3 Rf5 27.
Bh6 Re8 28. Rd1 Rh5 29. Bc1 d4 30. Bd2 Kg7 31. Bg2 dxc3 32. Bxc3 Rd8 33. Rd2
Rf5 34. Be4 Rg5+ 35. Kf2 Ne5 36. Nf4 Rxd2+ 37. Bxd2 Nc4 38. Bc3 Nd6 39. Bf3 Nb5
40. Bd2 Rc5 41. Ke3 Rc2 42. Nh5+ Kf8 43. a4 Nd6 44. b3 Ke7 45. Kd3 Rb2 46. Bd5
Rb1 47. a5 f5 48. Bg5+ Kd7 49. Nf6+ Kc8 50. Bf4 Ne4 51. Nxe4 fxe4+ 52. Kxe4 f6
53. Be3 Re1 54. Kf3 Ra1 55. b4 Rb1 56. Bd2 Rh1 57. Be6+ Kd8 58. Be3 Rb1 59. Bc5
Kc7 60. Bg8 h6 61. Bf7 b6 62. axb6+ axb6 63. Bf8 Kd7 64. h4 Rf1+ 65. Kg2 Rf4
66. Kg3 Rd4 67. h5 b5 68. Kf3 f5 69. Bg6 Ke6 70. Bc5 Rh4 71. Kg3 Rg4+ 72. Kh3
Ke5 73. Be8 Rg5 74. Be7 Rg7 75. Bh4 f4 76. Bg6 Rc7 77. Bf2 Rc3+ 78. Kg2 Rb3 79.
Bc5 Rb2+ 80. Kh3 Rb3+ 81. Kg4 Rg3+ 82. Kh4 Rg2 83. Be8 f3 84. Be3 Rb2 85. Kg3
Rxb4 86. Bxh6 Kf6 87. Bf8 Rb1 88. h6 Rh1 89. Kg4 f2 90. Bg7+ Ke7 91. Bxb5 f1=Q
92. Bxf1 Rxf1 1/2-1/2

[Event "Chess XV  MI"]
[Site "?"]
[Date "????.??.??"]
[Round "4"]
[White "Picard, R."]
[Black "Draoui, N."]
[Result "1-0"]
[WhiteElo "2290"]
[BlackElo "2377"]
[PlyCount "89"]

1. e4 c5 2. Nf3 d6 3. d4 cxd4 4. Nxd4 Nf6 5. Nc3 a6 6. Be2 e5 7. Nb3 Be7 8. O-O
O-O 9. Kh1 Be6 10. f4 Qc7 11. f5 Bc4 12. g4 d5 13. exd5 Rd8 14. Bxc4 Qxc4 15.
Bg5 Nbd7 16. Nd2 Qc8 17. Qf3 e4 18. Ndxe4 Ne5 19. Qg2 Nc4 20. b3 Nxe4 21. Bxe7
Nxc3 22. Bxd8 Ne3 23. Rfe1 Qc5 24. Qd2 Ncxd5 25. c4 Rxd8 26. cxd5 Nxg4 27. Rac1
Qf2 28. Re2 Qxf5 29. d6 h5 30. Rd1 Qf3+ 31. Kg1 Rxd6 32. Qxd6 Qxe2 33. Qd8+ Kh7
34. Qd3+ Qxd3 35. Rxd3 Ne5 36. Rd6 g5 37. Rb6 g4 38. Rxb7 Kg6 39. b4 Kg5 40. a4
f5 41. b5 axb5 42. a5 Kh4 43. a6 Kh3 44. a7 Nf3+ 45. Kh1 1-0

[Event "Chess XV  MI"]
[Site "?"]
[Date "????.??.??"]
[Round "5"]
[White "Verat, L."]
[Black "Picard, R."]
[Result "1/2-1/2"]
[WhiteElo "2346"]
[BlackElo "2290"]
[PlyCount "26"]

1. d4 Nf6 2. c4 g6 3. Nc3 d5 4. Nf3 Bg7 5. Bf4 O-O 6. Rc1 dxc4 7. e4 Bg4 8.
Bxc4 Bxf3 9. gxf3 Nh5 10. Be3 e5 11. dxe5 Bxe5 12. Qxd8 Rxd8 13. Nd5 c6 1/2-1/2

[Event "Chess XV  MI"]
[Site "?"]
[Date "????.??.??"]
[Round "5"]
[White "Aurel, L."]
[Black "Shirazi, K."]
[Result "1/2-1/2"]
[WhiteElo "2203"]
[BlackElo "2389"]
[PlyCount "156"]

1. Nf3 c5 2. c4 b6 3. g3 Bb7 4. Bg2 g6 5. O-O Bg7 6. Nc3 e5 7. d3 Ne7 8. e4 O-O
9. Be3 Nbc6 10. Qd2 f5 11. Bg5 d6 12. exf5 gxf5 13. Bh6 Qd7 14. Bxg7 Kxg7 15.
Qg5+ Kh8 16. Qh5 Qe8 17. Qh6 Qg6 18. Qxg6 Nxg6 19. Ng5 Nd8 20. Bxb7 Nxb7 21.
Nd5 h6 22. Nf3 Rf7 23. Nd2 Na5 24. a3 Nc6 25. b4 Nd4 26. b5 Ne7 27. Nc3 h5 28.
a4 Nc2 29. Rad1 h4 30. Nf3 hxg3 31. hxg3 f4 32. Rd2 fxg3 33. fxg3 Ne3 34. Rff2
Ng4 35. Rf1 Ne3 36. Rff2 Rg8 37. Ne4 Ng4 38. Rf1 Nf5 39. Nfg5 Rff8 40. Ne6 Rf7
41. N6g5 Rff8 42. Ne6 Re8 43. Rxf5 Rxe6 44. Rh5+ Kg7 45. Rg5+ Kh8 46. Rxg8+
Kxg8 47. Kg2 d5 48. cxd5 Ne3+ 49. Kf3 Nxd5 50. g4 Re8 51. g5 Rf8+ 52. Kg4 Ne3+
53. Kh4 c4 54. Nf6+ Kg7 55. dxc4 Kg6 56. Rd7 Rh8+ 57. Kg3 Kxg5 58. Nd5 Nxc4 59.
Rxa7 Rd8 60. Rc7 Rxd5 61. Rxc4 Rd3+ 62. Kf2 Ra3 63. Rc6 Kf4 64. Rxb6 Ra2+ 65.
Kf1 Rxa4 66. Rb8 Kf3 67. Ke1 e4 68. b6 Ra1+ 69. Kd2 e3+ 70. Kd3 Ra3+ 71. Kd4
Rb3 72. Rf8+ Kg2 73. Re8 Kf2 74. Rf8+ Ke1 75. Re8 Kd2 76. Kc5 e2 77. Rxe2+ Kxe2
78. Kc6 Rxb6+ 1/2-1/2

[Event "Chess XV  MI"]
[Site "?"]
[Date "????.??.??"]
[Round "5"]
[White "Neiman, E."]
[Black "Nguyen, TT."]
[Result "1-0"]
[WhiteElo "2330"]
[BlackElo "2303"]
[PlyCount "125"]

1. d4 g6 2. e4 Bg7 3. Nc3 c6 4. Nf3 d6 5. h3 Nf6 6. a4 O-O 7. Be2 a5 8. O-O Na6
9. Be3 Nb4 10. Qd2 Re8 11. Rad1 Qc7 12. Bh6 e5 13. Bxg7 Kxg7 14. Ne1 Qb6 15.
dxe5 dxe5 16. Bc4 Nh5 17. Ne2 Na6 18. Bxa6 Rxa6 19. Nd3 Nf6 20. Ng3 Qd4 21. c3
Qb6 22. Kh1 c5 23. f4 exf4 24. Qxf4 Re7 25. Qg5 h6 26. Nh5+ Nxh5 27. Qxe7 Ng3+
28. Kg1 Nxf1 29. Rxf1 c4+ 30. Nc5 Be6 31. Kh1 Ra8 32. Rf6 Qxc5 33. Rxf7+ Bxf7
34. Qxc5 Re8 35. e5 b6 36. Qxb6 Rxe5 37. Qd4 Kf6 38. Qf4+ Rf5 39. Qxh6 Bd5 40.
Kh2 Kf7 41. Qh7+ Kf6 42. Qh8+ Kf7 43. Qh7+ Kf6 44. Qa7 Be6 45. Qd4+ Kf7 46. g4
Rd5 47. Qf4+ Kg7 48. g5 Rf5 49. Qc7+ Bf7 50. h4 Rd5 51. Kg3 Rf5 52. Qa7 Rd5 53.
Kf4 Rf5+ 54. Ke4 Kg8 55. Qa8+ Kh7 56. Qb7 Kg8 57. Qc8+ Kg7 58. Qd7 Kg8 59. h5
Rc5 60. Qd8+ Kh7 61. Qf8 Rf5 62. hxg6+ Kxg6 63. Qh6# 1-0

[Event "Chess XV  MI"]
[Site "?"]
[Date "????.??.??"]
[Round "7"]
[White "Belkhodja, S."]
[Black "Velikov, P."]
[Result "1/2-1/2"]
[WhiteElo "2478"]
[BlackElo "2442"]
[PlyCount "61"]

1. e4 c5 2. Nf3 e6 3. d4 cxd4 4. Nxd4 a6 5. Bd3 Bc5 6. Nb3 Ba7 7. c4 Nc6 8. Nc3
d6 9. Qe2 Nf6 10. Be3 Bxe3 11. Qxe3 O-O 12. O-O Ne5 13. Be2 Qc7 14. Rfd1 b6 15.
f4 Ng6 16. Rd2 Bb7 17. Rad1 Rfd8 18. g3 Rac8 19. Bf3 Ba8 20. h4 h5 21. Qe2 Qb8
22. Bxh5 Nxh5 23. Qxh5 Rxc4 24. Qe2 b5 25. h5 Nf8 26. e5 Rdc8 27. exd6 Nd7 28.
h6 g6 29. Nd4 Qb7 30. Kh2 b4 31. Na4 1/2-1/2

[Event "Chess XV  MI"]
[Site "?"]
[Date "????.??.??"]
[Round "6"]
[White "Nguyen, TT."]
[Black "Borzakian, M."]
[Result "1-0"]
[WhiteElo "2303"]
[BlackElo "2198"]
[PlyCount "81"]

1. d4 d6 2. c4 g6 3. Nc3 Bg7 4. e4 Nf6 5. f3 O-O 6. Nge2 c5 7. d5 e6 8. Ng3
exd5 9. cxd5 a6 10. a4 Nbd7 11. Be2 h5 12. Bg5 Qe8 13. Qd2 Nh7 14. Bh6 h4 15.
Bxg7 Kxg7 16. Nf1 Qe7 17. Ne3 h3 18. g4 Qh4+ 19. Kd1 Ne5 20. Kc2 Bd7 21. Rhg1
b5 22. f4 Nc4 23. Bxc4 bxc4 24. g5 f5 25. gxf6+ Rxf6 26. f5 Nf8 27. Rg4 Qh6 28.
Qf2 Kf7 29. Rag1 Ke8 30. Rf4 g5 31. Ng4 Qg7 32. Nxf6+ Qxf6 33. Rf3 Nh7 34. Rxh3
Nf8 35. Qg3 Qd4 36. Rd1 Qf6 37. Rh5 Rb8 38. Qxg5 Qe5 39. f6 Bxa4+ 40. Nxa4
Qxe4+ 41. Kc1 1-0

[Event "Chess XV  MI"]
[Site "?"]
[Date "????.??.??"]
[Round "6"]
[White "Shirazi, K."]
[Black "Neiman, E."]
[Result "0-1"]
[WhiteElo "2389"]
[BlackElo "2330"]
[PlyCount "192"]

1. e4 e5 2. Nf3 Nf6 3. Nc3 Bb4 4. Nxe5 O-O 5. Nd3 Bxc3 6. dxc3 Nxe4 7. Be2 d5
8. O-O Re8 9. Be3 c6 10. Nf4 Nd6 11. a4 Nf5 12. Bc1 Nd7 13. a5 Nc5 14. Re1 Nd6
15. Nd3 Nce4 16. f3 Nf6 17. Bg5 h6 18. Bh4 Bf5 19. Bf2 Nc4 20. Nc5 Ne3 21. Nxb7
Qe7 22. Bxe3 Qxe3+ 23. Kh1 Qe7 24. Ba6 Qc7 25. b4 Rxe1+ 26. Qxe1 Re8 27. Qg3
Qe7 28. Qf2 Qe5 29. Qd4 Qb8 30. Nc5 Bxc2 31. Qd2 Bf5 32. Re1 Nd7 33. Rxe8+ Qxe8
34. Nxd7 Qxd7 35. Qe3 Kf8 36. Kg1 Qe7 37. Qf4 Bd7 38. Kf2 Be8 39. g3 c5 40. Qe3
d4 41. Qxe7+ Kxe7 42. bxc5 dxc3 43. Ke3 Ba4 44. Bc4 f6 45. f4 Kd7 46. Bf7 Kc7
47. Kd3 c2 48. Kd2 Kb7 49. Bd5+ Bc6 50. Bb3 Be4 51. Ba4 Ka6 52. Bd7 Kxa5 53. h4
Ka6 54. Kc1 Kb7 55. Ba4 Kc7 56. Kd2 Bf5 57. Kc1 Bd3 58. Kd2 Kb7 59. Kc1 Ka6 60.
Kd2 Bf5 61. Be8 Ka5 62. Kc1 Bd3 63. Kd2 Bb5 64. c6 Kb6 65. c7 Ba6 66. Kxc2 Kxc7
67. Kc3 Kd6 68. Kd4 Bc8 69. Ba4 Bd7 70. Bd1 a5 71. Kc4 a4 72. Bf3 Be6+ 73. Kb4
Bd7 74. Bg2 Be8 75. Bf3 Ke6 76. Be4 Kd6 77. Bf3 Bd7 78. Bg2 g5 79. hxg5 hxg5
80. fxg5 fxg5 81. Bf3 Ke5 82. Be2 Ke4 83. Bd1 Ke3 84. Ka3 Kf2 85. g4 Kg3 86.
Kb4 Kf4 87. Ka3 Bxg4 88. Bxa4 Bf3 89. Bd7 Be4 90. Kb4 Bf5 91. Bc6 g4 92. Kc3
Ke3 93. Bg2 Be4 94. Bxe4 Kxe4 95. Kd2 Kf3 96. Ke1 Kg2 0-1

[Event "Chess XV  MI"]
[Site "?"]
[Date "????.??.??"]
[Round "6"]
[White "Picard, R."]
[Black "Aurel, L."]
[Result "1-0"]
[WhiteElo "2290"]
[BlackElo "2203"]
[PlyCount "87"]

1. e4 d6 2. d4 Nf6 3. Nc3 g6 4. Nf3 Bg7 5. Be2 O-O 6. O-O Bg4 7. Be3 Nc6 8. Nd2
Bxe2 9. Qxe2 e5 10. d5 Nb8 11. Nc4 Nbd7 12. Na5 Qc8 13. f3 a6 14. Na4 Ne8 15.
b4 f5 16. c4 fxe4 17. fxe4 Ndf6 18. Bd2 Qd7 19. Nc3 c6 20. Qd3 Rd8 21. Bg5 h6
22. Be3 cxd5 23. Nxd5 b5 24. Nb6 bxc4 25. Qxc4+ Qf7 26. Qxf7+ Rxf7 27. Nc6 Rfd7
28. Nxd7 Rxd7 29. Nb8 Rb7 30. Nxa6 Nxe4 31. Rab1 N8f6 32. Rfc1 Nd5 33. Rc8+ Kh7
34. Rb3 Nxe3 35. Rxe3 d5 36. a4 Rb6 37. b5 Nd6 38. Rc6 Rxc6 39. bxc6 d4 40. Rb3
e4 41. c7 d3 42. Kf1 Bd4 43. Rb4 Bc3 44. Rxe4 1-0